| 000 | 00309nam a22001217a 4500 | ||
|---|---|---|---|
| 082 |
_a657 _bGUP/C |
||
| 100 | _aO.P.GUPTA, S.R.GOEL, S.K.JAIN | ||
| 245 |
_aCOMPANION ACCOUNTANCY _bCLASS XII |
||
| 260 |
_aJALANDHAR _bS.DINESH & CO _c2010 |
||
| 300 | _a989 | ||
| 650 |
_aACCOUNTANCY FOR CLASS XII _zINDIA |
||
| 942 | _cBK | ||
| 999 |
_c617 _d617 |
||